000 00372nam a2200145Ia 4500
008 230917s9999||||xx |||||||||||||| ||und||
040 _e185071
_aMAIN
041 _aEnglish
082 _a843.3 C337D
100 _aCervantes-Saavedra, Miguel de
245 0 _aDon Quixote of la Mancha
260 _aNew York
_bNew American Library
_c1964
300 _a1052 p.
942 _cBK
999 _c52811
_d52811